<?xml version="1.0" encoding="UTF-8"?>
<collection xmlns="http://www.loc.gov/MARC21/slim">
 <record>
  <leader>04565nam a22005535i 4500</leader>
  <controlfield tag="001">978-94-007-5989-3</controlfield>
  <controlfield tag="003">DE-He213</controlfield>
  <controlfield tag="005">20210617055714.0</controlfield>
  <controlfield tag="007">cr nn 008mamaa</controlfield>
  <controlfield tag="008">130423s2013    ne |    s    |||| 0|eng d</controlfield>
  <datafield tag="020" ind1=" " ind2=" ">
   <subfield code="a">9789400759893</subfield>
   <subfield code="9">978-94-007-5989-3</subfield>
  </datafield>
  <datafield tag="024" ind1="7" ind2=" ">
   <subfield code="a">10.1007/978-94-007-5989-3</subfield>
   <subfield code="2">doi</subfield>
  </datafield>
  <datafield tag="050" ind1=" " ind2="4">
   <subfield code="a">RA648.5-654</subfield>
  </datafield>
  <datafield tag="072" ind1=" " ind2="7">
   <subfield code="a">MBNS</subfield>
   <subfield code="2">bicssc</subfield>
  </datafield>
  <datafield tag="072" ind1=" " ind2="7">
   <subfield code="a">MED028000</subfield>
   <subfield code="2">bisacsh</subfield>
  </datafield>
  <datafield tag="072" ind1=" " ind2="7">
   <subfield code="a">MBNS</subfield>
   <subfield code="2">thema</subfield>
  </datafield>
  <datafield tag="082" ind1="0" ind2="4">
   <subfield code="a">614.4</subfield>
   <subfield code="2">23</subfield>
  </datafield>
  <datafield tag="245" ind1="1" ind2="0">
   <subfield code="a">Epidemiology: Principles and Practical Guidelines</subfield>
   <subfield code="h">[electronic resource] /</subfield>
   <subfield code="c">edited by Jan Van den Broeck, Jonathan R Brestoff.</subfield>
  </datafield>
  <datafield tag="250" ind1=" " ind2=" ">
   <subfield code="a">1st ed. 2013.</subfield>
  </datafield>
  <datafield tag="264" ind1=" " ind2="1">
   <subfield code="a">Dordrecht :</subfield>
   <subfield code="b">Springer Netherlands :</subfield>
   <subfield code="b">Imprint: Springer,</subfield>
   <subfield code="c">2013.</subfield>
  </datafield>
  <datafield tag="300" ind1=" " ind2=" ">
   <subfield code="a">XVIII, 621 p.</subfield>
   <subfield code="b">online resource.</subfield>
  </datafield>
  <datafield tag="336" ind1=" " ind2=" ">
   <subfield code="a">text</subfield>
   <subfield code="b">txt</subfield>
   <subfield code="2">rdacontent</subfield>
  </datafield>
  <datafield tag="337" ind1=" " ind2=" ">
   <subfield code="a">computer</subfield>
   <subfield code="b">c</subfield>
   <subfield code="2">rdamedia</subfield>
  </datafield>
  <datafield tag="338" ind1=" " ind2=" ">
   <subfield code="a">online resource</subfield>
   <subfield code="b">cr</subfield>
   <subfield code="2">rdacarrier</subfield>
  </datafield>
  <datafield tag="347" ind1=" " ind2=" ">
   <subfield code="a">text file</subfield>
   <subfield code="b">PDF</subfield>
   <subfield code="2">rda</subfield>
  </datafield>
  <datafield tag="505" ind1="0" ind2=" ">
   <subfield code="a">Preface -- Part I Introduction.- Definition and Scope of Epidemiology.- Basic Concepts in Epidemiology.- Roots and Future of Epidemiology -- Part II Study Design.- General Study Objectives -- The Specific Aims -- General Study Designs.- Study Size Planning. Sponsoring and Stakeholder Involvement.- The Recruitment and Enrollment Plan.- The Measurement Plan.- The Quality Assurance and Control Plan.- The Data Management Plan.- The Analysis Plan -- Ethics Support -- Part III  Study Conduct.- Training and Study Preparations.- Managing the Informed Consent Process.- Accrual, Retention and Adherence.- Questionnaires.- Maintaining Data Integrity.- Data Cleaning.- Good Clinical Practice -- Part IV:  Study Analysis.- Statistical Estimation.- Statistical Testing.- Statistical Modeling.- Systematic Reviews and Meta-analyses.- The Ethics of Study Analysis -- Part V Study Reporting.- Interpretation of Findings.- Scientific Writing.- Reporting Data Quality.-  Dissemination to Stakeholders.- The Ethics of Study Reporting -- Bibliography -- Subject Index.</subfield>
  </datafield>
  <datafield tag="520" ind1=" " ind2=" ">
   <subfield code="a">This textbook presents epidemiology in a practical manner, contextualized with discussions of theory and ethics, so that students and professionals from all academic backgrounds may develop a deep appreciation for how to conduct and interpret epidemiological research. Readers will develop skills to: ·         Search for and appraise literature critically ·         Develop important research questions ·         Design, plan, and implement studies to address those questions ·         Develop proposals to obtain funding ·         Perform and interpret fundamental statistical estimations,           tests,and models ·         Consider the ethical implications of all stages of research ·         Report findings in publications ·         Advocate for change in the public health setting Epidemiology is and will remain a discipline in motion, and this textbook aims at reflecting this dynamism and keeping pace with its momentum. This textbook is not only a classroom tool with high utility but also an essential reference and guide for those engaging in research involving human subjects.</subfield>
  </datafield>
  <datafield tag="650" ind1=" " ind2="0">
   <subfield code="a">Epidemiology.</subfield>
  </datafield>
  <datafield tag="650" ind1=" " ind2="0">
   <subfield code="a">Statistics .</subfield>
  </datafield>
  <datafield tag="650" ind1=" " ind2="0">
   <subfield code="a">Medicine.</subfield>
  </datafield>
  <datafield tag="650" ind1=" " ind2="0">
   <subfield code="a">Public health.</subfield>
  </datafield>
  <datafield tag="650" ind1=" " ind2="0">
   <subfield code="a">Medical ethics.</subfield>
  </datafield>
  <datafield tag="650" ind1="1" ind2="4">
   <subfield code="a">Epidemiology.</subfield>
   <subfield code="0">https://scigraph.springernature.com/ontologies/product-market-codes/H63000</subfield>
  </datafield>
  <datafield tag="650" ind1="2" ind2="4">
   <subfield code="a">Statistics for Life Sciences, Medicine, Health Sciences.</subfield>
   <subfield code="0">https://scigraph.springernature.com/ontologies/product-market-codes/S17030</subfield>
  </datafield>
  <datafield tag="650" ind1="2" ind2="4">
   <subfield code="a">Medicine/Public Health, general.</subfield>
   <subfield code="0">https://scigraph.springernature.com/ontologies/product-market-codes/H00007</subfield>
  </datafield>
  <datafield tag="650" ind1="2" ind2="4">
   <subfield code="a">Public Health.</subfield>
   <subfield code="0">https://scigraph.springernature.com/ontologies/product-market-codes/H27002</subfield>
  </datafield>
  <datafield tag="650" ind1="2" ind2="4">
   <subfield code="a">Theory of Medicine/Bioethics.</subfield>
   <subfield code="0">https://scigraph.springernature.com/ontologies/product-market-codes/H66000</subfield>
  </datafield>
  <datafield tag="700" ind1="1" ind2=" ">
   <subfield code="a">Van den Broeck, Jan.</subfield>
   <subfield code="e">editor.</subfield>
   <subfield code="4">edt</subfield>
   <subfield code="4">http://id.loc.gov/vocabulary/relators/edt</subfield>
  </datafield>
  <datafield tag="700" ind1="1" ind2=" ">
   <subfield code="a">Brestoff, Jonathan R.</subfield>
   <subfield code="e">editor.</subfield>
   <subfield code="4">edt</subfield>
   <subfield code="4">http://id.loc.gov/vocabulary/relators/edt</subfield>
  </datafield>
  <datafield tag="710" ind1="2" ind2=" ">
   <subfield code="a">SpringerLink (Online service)</subfield>
  </datafield>
  <datafield tag="773" ind1="0" ind2=" ">
   <subfield code="t">Springer Nature eBook</subfield>
  </datafield>
  <datafield tag="776" ind1="0" ind2="8">
   <subfield code="i">Printed edition:</subfield>
   <subfield code="z">9789400798571</subfield>
  </datafield>
  <datafield tag="776" ind1="0" ind2="8">
   <subfield code="i">Printed edition:</subfield>
   <subfield code="z">9789400759886</subfield>
  </datafield>
  <datafield tag="776" ind1="0" ind2="8">
   <subfield code="i">Printed edition:</subfield>
   <subfield code="z">9789400759909</subfield>
  </datafield>
  <datafield tag="856" ind1="4" ind2="0">
   <subfield code="u">https://doi.org/10.1007/978-94-007-5989-3</subfield>
  </datafield>
  <datafield tag="912" ind1=" " ind2=" ">
   <subfield code="a">ZDB-2-SME</subfield>
  </datafield>
  <datafield tag="912" ind1=" " ind2=" ">
   <subfield code="a">ZDB-2-SXM</subfield>
  </datafield>
  <datafield tag="950" ind1=" " ind2=" ">
   <subfield code="a">Medicine (SpringerNature-11650)</subfield>
  </datafield>
  <datafield tag="950" ind1=" " ind2=" ">
   <subfield code="a">Medicine (R0) (SpringerNature-43714)</subfield>
  </datafield>
 </record>
</collection>
